000 01358nam0a22003011 4500
001 rc\696693
005 20260514124243.0
035 _a(NLR Aleph) 005933055
090 _a6598938
_c6598938
100 _a20031121d1985 u y0rusy50 ca
101 0 _arus
102 _aRU
105 _ay |||||||||
200 1 _aЛогика Аристотеля
_e(Материалы симпоз.), 16-17 нояб. 1983 г., Тбилиси
_f[Ред. В.А. Смирнов, Л.И. Мчедлишвили]
210 _aТбилиси
_cИзд-во Тбил. ун-та
_d1985
215 _a177 с.
_d21
300 _aВ надзаг.: Тбил. гос. ун-т, Груз. отд-ние Филос. о-ва СССР
320 _aБиблиогр. в конце докл.
600 0 _aАристотель
_2psbo
702 1 _4340
_7ca
_8rus
_aСмирнов
_bВ. А.
_cд-р филос. наук
_f1931-1996
_gВладимир Александрович
_918287
_3RU\NLR\AUTH\7735289
711 1 2 _aСимпозиум по логике Аристотеля
_eТбилиси
_f1983
_9626959
_3RU\NLR\AUTH\8810062704
712 0 2 _4475
_aТбилисский государственный университет
_92708832
_3RU\NLR\AUTH\880642596
801 0 _aRU
_bNLR
_gpsbo
801 1 _aRU
_bELAR
_2rusmarc
852 _aNLR
_j86-3/2620
942 _cBOOK
980 _aNB